• 首页
  • 本馆介绍
  • 公告通知
  • 最新文献
  • 馆藏检索
  • 电子资源
  • 读者导购
  • 参考咨询
  • 我的图书馆
  • 登录
  • 详细信息显示
  • 放入我的书架
  • 预约/预借图书
  • 作者相关作品
  • 分类相关作品
  • 丛书相关作品
  • 出版社相关作品

书目信息

  • 表格格式
  • 工作单格式
  • 卡片格式
题名:
原始社会史
    
 
作者: 林耀华 主编
分册:  
出版信息: 北京   中华书局  1984
页数: 515页
开本: 21cm
丛书名:
单 册:
中图分类: K21
科图分类:
主题词: 中国--古代史--原始社会
电子资源:
ISBN:
000 00616nam0 2200229 45
001 0184012600
005 20060426091033.40
010    @dCNY2.10
091    @a11018.1235
100    @a19950626d1984 emky0chiy0121 ea
101 0  @achi
102    @aCN@b110000
105    @af z 000yy
200 10 @a原始社会史@Ayuan shi she hui shi@f林耀华主编@Flin yao hua zhu bian
210    @a北京@c中华书局@d1984
215    @a515页@c照片@d21cm
606 0  @a中国@x古代史@x原始社会
690    @aK21@v4
701  0 @a林耀华@Alin yao hua@4主编
801  2 @aCN@bNLC@c20060426
801  0 @aCN@b上海图书馆@c20040506
905    @dK21@e1
    
    原始社会史/林耀华主编.-北京:中华书局,1984
    515页:照片;21cm
    
    
    ISBN :CNY2.10
    
●
相关链接 在E读中查询图书 在五车中查询图书 在当当中查询图书 在豆瓣中查询图书


正题名:原始社会史     索取号:K21/1         预约/预借

序号 登录号 条形码 馆藏地/架位号 状态 备注
1 0120785   001277059   密集书库/ [索取号:K21/1] 在馆    
2 0120786   202287961   密集书库/ [索取号:K21/1] 在馆    
3 0120787   001277068   第二借阅区/ [索取号:K21/1] 在馆    
4 0120788   001277077   第二借阅区/ [索取号:K21/1] 在馆    
5 0120789   202113382   第二样本阅览室/ [索取号:K21/1] 在馆    
唐山师范学院图书馆 欢迎您!
大连网信软件有限公司© 版权所有